000 00290nam a22001337a 4500
008 171101b xxu||||| |||| 00| 0 eng d
020 _a9780132157575
041 _aeng
080 _a339
100 _a59
101 _aTRE
245 _aTHE DISCIPLINED TRADER
_cMARK.D
942 _2udc
_cBK
999 _c37072
_d37072